¿Qué vemos y no sabemos? : trayectoria socioecológicas a nivel de cuenca en periferia urbana : nueva mirada al Suelo de Conservación de la Ciudad de México /

Bibliographic Details
Other Authors: Perevochtchikova, María (Editor), Gómez Sántiz, Faustino (Editor), Galeana Pizaña, José Mauricio (Editor)
Format: Electronic eBook
Language:Spanish
Published: Ciudad de México, México : El Colegio de México : CentroGeo, 2024.
Edition:Primera edición electrónica.
Subjects:
Online Access:Digitalia Hispánica

MARC

LEADER 00000nam a2200000Ii 4500
001 DIGCOLMX0560
003 NyNyDIG
006 m o d
007 cr |||||||||||
008 250402s2024 mx ab ob 000 0 spa d
035 |a (OCoLC)1514306634 
040 |a DGITA  |b eng  |e rda  |e pn  |c DGITA 
020 |a 9786075999227  |q (CentroGeo) 
020 |a 9786075646282  |q (El Colegio de México) 
043 |a n-mx--- 
050 1 4 |a TC413 ebook 
245 0 0 |a ¿Qué vemos y no sabemos? :  |b trayectoria socioecológicas a nivel de cuenca en periferia urbana : nueva mirada al Suelo de Conservación de la Ciudad de México /  |c coordinadores, María Perevochtchikova, Faustino Gómez Sántiz y José Mauricio Galeana Pizaña. 
250 |a Primera edición electrónica. 
264 1 |a Ciudad de México, México :  |b El Colegio de México :  |b CentroGeo,  |c 2024. 
300 |a 1 online resource :  |b illustrations, maps. 
336 |a text  |b txt  |2 rdacontent 
337 |a computer  |b c  |2 rdamedia 
338 |a online resource  |b cr  |2 rdacarrier 
347 |a text file  |2 rdaft 
347 |b EPUB 
504 |a Includes bibliographical references. 
588 0 |a Online resource; title from ePub title page (Digitalia, viewed April 2, 2025) 
650 0 |a Watershed management  |z Mexico. 
650 0 |a Land use  |x Environmental aspects  |z Mexico. 
650 0 |a Conservation of natural resources  |z Mexico. 
700 1 |a Perevochtchikova, María,  |e editor. 
700 1 |a Gómez Sántiz, Faustino,  |e editor. 
700 1 |a Galeana Pizaña, José Mauricio,  |e editor. 
791 2 |a Digitalia (Firm),  |e distributor. 
793 0 |g Digitalia eBook Collection:  |a El Colegio de México 
856 4 0 |3 Digitalia Hispánica  |u https://www.digitaliapublishing.com/a/171402/ 
910 |a Premium collection: 2025